Deutsche KFZ-Kennzeichen - Statistiken

Allgemein
  • Dieses Quiz wurde 171 mal gespielt
    154 seit der letzten Aktualisierung
  • Das Durchschnittsergebnis liegt bei 123 aus 376
Antwortstatistiken
Abkürzung Bundesland Stadt oder Landkreis % Korrekt
B Berlin
93%
AC Nordrhein-Westfalen Aachen
91%
A Bayern Augsburg
87%
F Hessen Frankfurt am Main
82%
H Niedersachsen Hannover
82%
HH Hansestadt Hamburg
81%
M Bayern München
81%
E Nordrhein-Westfalen Essen
80%
HB Hansestadt Bremen
80%
DD Sachsen Dresden
78%
K Nordrhein-Westfalen Köln
78%
S Baden-Württemberg Stuttgart
78%
DO Nordrhein-Westfalen Dortmund
77%
D Nordrhein-Westfalen Düsseldorf
77%
N Bayern Nürnberg
76%
L Sachsen Leipzig
74%
C Sachsen Chemnitz
72%
BN Nordrhein-Westfalen Bonn
71%
LEV Nordrhein-Westfalen Leverkusen
71%
P Brandenburg Potsdam
71%
REG Bayern Regen
68%
KI Schleswig-Holstein Kiel
67%
R Bayern Regensburg
67%
CUX Niedersachsen Cuxhaven
66%
HEI Schleswig-Holstein Heide
66%
J Thüringen Jena
66%
HAM Nordrhein-Westfalen Hamm
65%
Z Sachsen Zwickau
65%
BAD Baden-Württemberg Baden-Baden
64%
BO Nordrhein-Westfalen Bochum
64%
DU Nordrhein-Westfalen Duisburg
63%
UL Baden-Württemberg Ulm
63%
EF Thüringen Erfurt
62%
MZ Rheinland-Pfalz Mainz
62%
BI Nordrhein-Westfalen Bielefeld
61%
FG Sachsen Freiberg
61%
GE Nordrhein-Westfalen Gelsenkirchen
61%
Niedersachsen Göttingen
61%
IN Bayern Ingolstadt
61%
KA Baden-Württemberg Karlsruhe
61%
WOB Niedersachsen Wolfsburg
61%
AA Baden-Württemberg Aalen
60%
FL Schleswig-Holstein Flensburg
60%
FR Baden-Württemberg Freiburg im Breisgau
60%
HAL Sachsen-Anhalt Halle (Saale)
60%
SB Saarland Saarbrücken
60%
WI Hessen Wiesbaden
59%
Bayern Würzburg
59%
DA Hessen Darmstadt
58%
MS Nordrhein-Westfalen Münster
58%
MA Baden-Württemberg Mannheim
57%
AB Bayern Aschaffenburg
56%
CE Niedersachsen Celle
56%
G Thüringen Gera
56%
MD Sachsen-Anhalt Magdeburg
56%
BRB Brandenburg Brandenburg an der Havel
55%
CB Brandenburg Cottbus
55%
OL Niedersachsen Oldenburg
55%
PB Nordrhein-Westfalen Paderborn
55%
W Nordrhein-Westfalen Wuppertal
55%
BOT Nordrhein-Westfalen Bottrop
54%
BS Niedersachsen Braunschweig
54%
MG Nordrhein-Westfalen Mönchengladbach
52%
KS Hessen Kassel
51%
KO Rheinland-Pfalz Koblenz
51%
BA Bayern Bamberg
50%
GL Nordrhein-Westfalen Bergisch Gladbach
50%
CO Bayern Coburg
50%
DAH Bayern Dachau
50%
EMD Niedersachsen Emden
50%
ERZ Sachsen Erzgebirgskreis
50%
Bayern Fürth
50%
HD Baden-Württemberg Heidelberg
50%
KR Nordrhein-Westfalen Krefeld
50%
LIP Nordrhein-Westfalen Lippe
50%
OF Hessen Offenbach am Main
50%
CLP Niedersachsen Cloppenburg
49%
AUR Niedersachsen Aurich
48%
TÖL Bayern Bad Tölz
48%
HL Schleswig-Holstein Hansestadt Lübeck
48%
HRO Mecklenburg-Vorpommern Hansestadt Rostock
47%
LU Rheinland-Pfalz Ludwigshafen am Rhein
47%
PA Bayern Passau
47%
GI Hessen Gießen
46%
OS Niedersachsen Osnabrück
46%
SI Nordrhein-Westfalen Siegen
46%
Baden-Württemberg Tübingen
46%
UN Nordrhein-Westfalen Unna
46%
HDH Baden-Württemberg Heidenheim an der Brenz
45%
HI Niedersachsen Hildesheim
45%
HOM Saarland Homburg
45%
HX Nordrhein-Westfalen Höxter
45%
RV Baden-Württemberg Ravensburg
45%
TR Rheinland-Pfalz Trier
45%
FF Brandenburg Frankfurt (Oder)
44%
HER Nordrhein-Westfalen Herne
44%
MI Nordrhein-Westfalen Minden
44%
EMS Rheinland-Pfalz Bad Ems
43%
BIT Rheinland-Pfalz Bitburg
43%
BB Baden-Württemberg Böblingen
43%
DEG Bayern Deggendorf
43%
ER Bayern Erlangen
43%
LER Niedersachsen Leer (Ostrfriesland)
43%
SN Mecklenburg-Vorpommern Schwerin
43%
STD Niedersachsen Stade
43%
FD Hessen Fulda
42%
HA Nordrhein-Westfalen Hagen
42%
SG Nordrhein-Westfalen Solingen
42%
KL Rheinland-Pfalz Kaiserslautern
41%
AM Bayern Amberg
40%
OB Nordrhein-Westfalen Oberhausen
40%
RO Bayern Rosenheim
40%
KLE Nordrhein-Westfalen Kleve
39%
PF Baden-Württemberg Pforzheim
39%
PI Schleswig-Holstein Pinneberg
39%
RE Nordrhein-Westfalen Recklinghausen
39%
COE Nordrhein-Westfalen Coesfeld
38%
GP Baden-Württemberg Göppingen
38%
HN Baden-Württemberg Heilbronn
38%
LD Rheinland-Pfalz Landau in der Pfalz
38%
Baden-Württemberg Lörrach
38%
MM Bayern Memmingen
38%
TUT Baden-Württemberg Tuttlingen
38%
MR Hessen Marburg
37%
VEC Niedersachsen Vechta
37%
BOR Nordrhein-Westfalen Borken
36%
DN Nordrhein-Westfalen Düren
36%
EU Nordrhein-Westfalen Euskirchen
36%
GT Nordrhein-Westfalen Gütersloh
36%
HVL Brandenburg Havelland
36%
IZ Schleswig-Holstein Itzehoe
36%
VIE Nordrhein-Westfalen Viersen
36%
ES Baden-Württemberg Esslingen am Neckar
35%
GAP Bayern Garmisch-Partenkirchen
35%
KN Baden-Württemberg Konstanz
35%
PLÖ Schleswig-Holstein Plön
35%
AN Bayern Ansbach
34%
BZ Sachsen Bautzen
34%
BT Bayern Bayreuth
34%
DEL Niedersachsen Delmenhorst
34%
FFB Bayern Fürstenfeldbruck
34%
HO Bayern Hof (Saale)
34%
NE Nordrhein-Westfalen Neuss
34%
V Sachsen Vogtlandkreis
34%
AW Rheinland-Pfalz Ahrweiler
33%
CHA Bayern Cham
33%
COC Rheinland-Pfalz Cochem
33%
GM Nordrhein-Westfalen Gummersbach
33%
HF Nordrhein-Westfalen Herford
33%
LA Bayern Landshut
33%
LB Baden-Württemberg Ludwigsburg
33%
PIR Sachsen Pirna
33%
RT Baden-Württemberg Reutlingen
33%
GTH Thüringen Gotha
32%
HSK Nordrhein-Westfalen Hochsauerlandkreis
32%
LG Niedersachsen Lüneburg
32%
SLS Saarland Saarlouis
32%
WHV Niedersachsen Wilhelmshaven
32%
HU Hessen Hanau
31%
KE Bayern Kempten (Allgäu)
31%
MEI Sachsen Meißen
31%
AZ Rheinland-Pfalz Alzey
30%
AP Thüringen Apolda
30%
CW Baden-Württemberg Calw
30%
GG Hessen Groß-Gerau
30%
NU Bayern Neu-Ulm
30%
OE Nordrhein-Westfalen Olpe
30%
RÜD Hessen Rüdesheim am Rhein
30%
SP Rheinland-Pfalz Speyer
30%
WE Thüringen Weimar
30%
AIC Bayern Aichach
29%
Bayern Altötting
29%
EA Thüringen Eisenach
29%
ED Bayern Erding
29%
FRI Niedersachsen Friesland
29%
GF Niedersachsen Gifhorn
29%
GS Niedersachsen Goslar
29%
MTK Hessen Main-Taunus-Kreis
29%
MH Nordrhein-Westfalen Mülheim an der Ruhr
29%
NMS Schleswig-Holstein Neumünster
29%
NF Schleswig-Holstein Nordfriesland
29%
OA Bayern Oberallgäu
29%
PS Rheinland-Pfalz Pirmasens
29%
SZ Niedersachsen Salzgitter
29%
UE Niedersachsen Uelzen
29%
WO Rheinland-Pfalz Worms
29%
DE Sachsen-Anhalt Dessau-Roßlau
28%
DGF Bayern Dingolfing
28%
HM Niedersachsen Hameln
28%
LI Bayern Lindau (Bodensee)
28%
RA Baden-Württemberg Rastatt
28%
RS Nordrhein-Westfalen Remscheid
28%
SO Nordrhein-Westfalen Soest
28%
STA Bayern Starnberg
28%
FB Hessen Friedberg (Hessen)
27%
HZ Sachsen-Anhalt Harz
27%
LM Hessen Limburg an der Lahn
27%
NB Mecklenburg-Vorpommern Neubrandenburg
27%
OHV Brandenburg Oberhavel
27%
OG Baden-Württemberg Offenburg
27%
RW Baden-Württemberg Rottweil
27%
SIG Baden-Württemberg Sigmaringen
27%
BAR Brandenburg Barnim
26%
EL Niedersachsen Emsland
26%
FN Baden-Württemberg Friedrichshafen
26%
KYF Thüringen Kyffhäuserkreis
26%
BGL Bayern Berchtesgadener Land
25%
BM Nordrhein-Westfalen Bergheim
25%
EI Bayern Eichstätt
25%
EN Nordrhein-Westfalen Ennepe
25%
FS Bayern Freising
25%
GR Sachsen Görlitz
25%
ME Nordrhein-Westfalen Mettmann
25%
OH Schleswig-Holstein Ostholstein
25%
SW Bayern Schweinfurt
25%
SU Nordrhein-Westfalen Siegburg
25%
WES Nordrhein-Westfalen Wesel
25%
WW Rheinland-Pfalz Westerwaldkreis
25%
DON Bayern Donauwörth
24%
GER Rheinland-Pfalz Germersheim
24%
GRZ Thüringen Greiz
24%
HWI Mecklenburg-Vorpommern Hansestadt Wismar
24%
KUS Rheinland-Pfalz Kusel
24%
LDK Hessen Lahn-Dill-Kreis
24%
WB Sachsen-Anhalt Lutherstadt Wittenberg
24%
OAL Bayern Ostallgäu
24%
RH Bayern Roth
24%
SL Schleswig-Holstein Schleswig
24%
TBB Baden-Württemberg Tauberbischofsheim
24%
ZW Rheinland-Pfalz Zweibrücken
24%
ABG Thüringen Altenburg
23%
FDS Baden-Württemberg Freudenstadt
23%
HST Mecklenburg-Vorpommern Hansestadt Stralsund
23%
LL Bayern Landsberg am Lech
23%
MOS Baden-Württemberg Mosbach
23%
PE Niedersachsen Peine
23%
SÖM Thüringen Sömmerda
23%
ST Nordrhein-Westfalen Steinfurt
23%
SHL Thüringen Suhl
23%
TS Bayern Traunstein
23%
VS Baden-Württemberg Villingen-Schwenningen
23%
ABI Sachsen-Anhalt Anhalt-Bitterfeld
22%
DAU Rheinland-Pfalz Daun
22%
DH Niedersachsen Diepholz
22%
HGW Mecklenburg-Vorpommern Hansestadt Greifswald
22%
MK Nordrhein-Westfalen Märkischer Kreis
22%
PAF Bayern Pfaffenhofen an der Ilm
22%
HG Hessen Bad Homburg vor der Höhe
21%
SE Schleswig-Holstein Bad Segeberg
21%
ESW Hessen Eschwege
21%
MYK Rheinland-Pfalz Mayen-Koblenz
21%
NOH Niedersachsen Nordhorn
21%
RD Schleswig-Holstein Rendsburg
21%
WAF Nordrhein-Westfalen Warendorf
21%
BL Baden-Württemberg Balingen
20%
BC Baden-Württemberg Biberach an der Riß
20%
EBE Bayern Ebersberg
20%
EM Baden-Württemberg Emmendingen
20%
JL Sachsen-Anhalt Jerichower Land
20%
LRO Mecklenburg-Vorpommern Landkreis Rostock
20%
SHA Baden-Württemberg Schwäbisch-Hall
20%
AK Rheinland-Pfalz Altenkirchen (Westerwald)
19%
FO Bayern Forchheim
19%
HS Nordrhein-Westfalen Heinsberg
19%
KEH Bayern Kelheim
19%
KB Hessen Korbach
19%
KÜN Baden-Württemberg Künzelsau
19%
MB Bayern Miesbach
19%
MIL Bayern Miltenberg
19%
NK Saarland Neunkirchen
19%
SON Thüringen Sonneberg
19%
VER Niedersachsen Verden (Aller)
19%
BIR Rheinland-Pfalz Birkenfeld
18%
EIC Thüringen Eichsfeld
18%
FT Rheinland-Pfalz Frankenthal (Pfalz)
18%
GZ Bayern Günzburg
18%
HP Hessen Heppenheim (Bergstraße)
18%
MKK Hessen Main-Kinzig-Kreis
18%
MZG Saarland Merzig
18%
NW Rheinland-Pfalz Neustadt an der Weinstraße
18%
NI Niedersachsen Nienburg/Weser
18%
NDH Thüringen Nordhausen
18%
SDL Sachsen-Anhalt Stendal
18%
IGB Saarland St. Ingbert
18%
SÜW Rheinland-Pfalz Südliche Weinstraße
18%
VK Saarland Völklingen
18%
HEF Hessen Bad Hersfeld
17%
KH Rheinland-Pfalz Bad Kreuznach
17%
BÜS Baden-Württemberg Büsingen am Hochrhein
17%
DLG Bayern Dillingen an der Donau
17%
KF Bayern Kaufbeuren
17%
NWM Mecklenburg-Vorpommern Nordwestmecklenburg
17%
SIM Rheinland-Pfalz Simmern (Hunsrück)
17%
WUN Bayern Wunsiedel
17%
BRA Niedersachsen Brake (Unterweser)
16%
BLK Sachsen-Anhalt Burgenlandkreis
16%
MSE Mecklenburg-Vorpommern Mecklenburgische Seenplatte
16%
NOM Niedersachsen Northeim
16%
PM Brandenburg Potsdam-Mittelmark
16%
DÜW Rheinland-Pfalz Bad Dürkheim an der Weinstraße
15%
OD Schleswig-Holstein Bad Oldesloe
15%
HBN Thüringen Hildburghausen
15%
MSP Bayern Main-Spessart
15%
SR Bayern Straubing
15%
TF Brandenburg Teltow-Fläming
15%
UM Brandenburg Uckermark
15%
KG Bayern Bad Kissingen
14%
FRG Bayern Freyung
14%
HE Niedersachsen Helmstedt
14%
PR Brandenburg Prignitz
14%
SOK Thüringen Saale-Orla-Kreis
14%
DAN Niedersachsen Dannenberg (Elbe)
13%
EE Brandenburg Elbe-Elster
13%
ERB Hessen Erbach
13%
HK Niedersachsen Heidekreis
13%
HOL Niedersachsen Holzminden
13%
HR Hessen Homberg (Efze)
13%
IK Thüringen Ilm-Kreis
13%
KT Bayern Kitzingen
13%
KU Bayern Kulmbach
13%
LAU Bayern Lauf an der Pegnitz
13%
NEA Bayern Neustadt an der Aisch
13%
OHZ Niedersachsen Osterholz-Scharmbeck
13%
RZ Schleswig-Holstein Ratzeburg
13%
RP Rheinland-Pfalz Rhein-Pfalz-Kreis
13%
ROW Niedersachsen Rotenburg (Wümme)
13%
SK Sachsen-Anhalt Saalekreis
13%
SLF Thüringen Saalfeld (Saale)
13%
SAW Sachsen-Anhalt Salzwedel
13%
SHG Niedersachsen Stadthagen
13%
WND Saarland St. Wendel
13%
TIR Bayern Tirschenreuth
13%
VB Hessen Vogelsbergkreis
13%
VG Mecklenburg-Vorpommern Vorpommern-Greifswald
13%
VR Mecklenburg-Vorpommern Vorpommern-Rügen
13%
WN Baden-Württemberg Waiblingen
13%
WAK Thüringen Wartburgkreis
13%
WM Bayern Weilheim
13%
WF Niedersachsen Wolfenbüttel
13%
Bayern Mühldorf am Inn
12%
NR Rheinland-Pfalz Neuwied am Rhein
12%
SHK Thüringen Saale-Holzland-Kreis
12%
SLK Sachsen-Anhalt Salzlandkreis
12%
SM Thüringen Schmalkalden
12%
WST Niedersachsen Westerstede
12%
WIL Rheinland-Pfalz Wittlich
12%
KC Bayern Kronach
11%
LOS Brandenburg Landkreis Oder-Spree
11%
LIF Bayern Lichtenfels
11%
NEW Bayern Neustadt an der Waldnaab
11%
SPN Brandenburg Spree-Neiße
11%
WT Baden-Württemberg Waldshut-Tiengen
11%
WEN Bayern Weiden in der Oberpfalz
11%
ERH Bayern Erlangen-Höchstadt
10%
HAS Bayern Haßfurt
10%
LUP Mecklenburg-Vorpommern Ludwigslust-Parchim
10%
MSH Sachsen-Anhalt Mansfeld-Südharz
10%
PAN Bayern Pfarrkirchen
10%
SAD Bayern Schwandorf
10%
TDO Sachsen Torgau, Delitzsch, Oschatz
10%
WTM Niedersachsen Wittmund
10%
NES Bayern Bad Neustadt an der Saale
9%
LDS Brandenburg Landkreis Dahme-Spreewald
9%
MN Bayern Mindelheim
9%
NM Bayern Neumarkt in der Oberpfalz
9%
OSL Brandenburg Oberspreewald-Lausitz
9%
UH Thüringen Unstrut-Hainich-Kreis
9%
WL Niedersachsen Winsen (Luhe)
9%
AS Bayern Amberg-Sulzbach
8%
BK Sachsen-Anhalt Bördekreis
8%
KIB Rheinland-Pfalz Kirchheimbolanden
8%
MOL Brandenburg Märkisch-Oderland
8%
ND Bayern Neuburg an der Donau
8%
OPR Brandenburg Ostprignitz-Ruppin
8%
WUG Bayern Weißenburg in Bayern
8%
SC Bayern Schwabach
7%
Keine übereinstimmenden Quizze gefunden
Verteilung der Resultate
Anzahl Personen mit jedem Resultat
Perzentil nach korrekt beantworteten Fragen
Ihre Resultats-Entwicklung
Sie haben dieses Quiz seit der letzten Aktualisierung nicht gespielt